Name F-O-U-R Things Quiz Stats

 Plays Quiz Updated Dec 20, 2016

Also try: Groups of Four
Challenge
Share
Tweet
Embed
Score 0/36 Timer 08:00
1 Play Today
Hint Answer % Correct
CountriesFiji, Finland, France
96.5%
US StatesOhio, Oklahoma, Oregon
95.2%
CountriesUganda, Ukraine, United Arab Emirates, United Kingdom, United States, Uruguay, Uzbekistan
94.2%
US StatesFlorida
92.9%
US StatesUtah
90.8%
CountriesRepublic of the Congo, Romania, Russia, Rwanda
90.6%
Bones of the Human BodyFemur, Fibula, Frontal
87.7%
US StatesRhode Island
86.2%
ElementsOsmium, Oxygen, Oganesson
85.7%
ElementsUranium
84.8%
ElementsRadium, Radon, Rhenium, Rhodium, Roentgenium, Rubidium, Ruthenium, Rutherfordium
78.2%
CountriesOman
74.8%
Bones of the Human BodyRadius, Rib
66.8%
ElementsFermium, Fluorine, Francium, Flerovium
65.2%
Bones of the Human BodyUlna
64.4%
World CapitalsOslo, Ottawa, Ouagadougou
63.1%
World CapitalsRabat, Ramallah, Reykjavik, Riga, Riyadh, Rome, Roseau
62.8%
NATO Phonetic AlphabetFoxtrot
57.6%
Hint Answer % Correct
NATO Phonetic AlphabetOscar
35.2%
Harry Potter Top 200 SurnamesCornelius Fudge, Argus Filch, Seamus Finnigan, Mundungus Fletcher, Professor Flitwick, Marcus Flint, Nicolas Flamel, Justin Finch-Fletchley, Arabella Figg
31.6%
NATO Phonetic AlphabetRomeo
31%
Harry Potter Top 200 SurnamesDolores Umbridge
30%
Oscar Best Picture WinnersOliver!, On The Waterfront, One Flew Over the Cuckoo's Nest, Ordinary People, Out of Africa
29.1%
Album of the Year-Winning ArtistsU2
26.8%
World CapitalsUlaanbaatar
25.8%
NATO Phonetic AlphabetUniform
23.8%
Oscar Best Picture WinnersForrest Gump, The French Connection, From Here To Eternity
23.7%
Bones of the Human BodyOccipital
22%
Harry Potter Top 200 SurnamesRowena Ravenclaw, Madam Rosmerta, Augustus Rookwood, Delmelza Robins, Mr. Roberts, Albert Runcorn, Tom Riddle
20.9%
Oscar Best Picture WinnersRain Man, Rebecca, Rocky
19.7%
World CapitalsFreetown, Funafuti
18.5%
Oscar Best Picture WinnersUnforgiven
14.5%
Harry Potter Top 200 SurnamesMr. Ollivander, Bob Ogden
14.2%
Album of the Year-Winning ArtistsFleetwood Mac
7.8%
Album of the Year-Winning ArtistsYoko Ono, OutKast
4.7%
Album of the Year-Winning ArtistsBonnie Raitt, Lionel Richie
3.2%

You're not logged in!

Compare scores with friends on all Sporcle quizzes.
Join for Free
OR
Log In

You Might Also Like...

Show Comments

Extras

Top Quizzes Today


Score Distribution

Your Account Isn't Verified!

In order to create a playlist on Sporcle, you need to verify the email address you used during registration. Go to your Sporcle Settings to finish the process.

Report this User

Report this user for behavior that violates our Community Guidelines.

Details: